000 01262nam a2200325 c 4500
003 BLK
005 20180420214605.0
008 180412b bul|||||r ||||||| ||bul||
010 _aKNG00012410000
040 _aBLK
041 _aBUL
_cBUL
080 _aАмериканска литература (на САЩ)
_b821.111(73)
_x-31
_z821.111(73)-31
100 1 _aГрей, Зейн
_eпърви автор
_9255961
700 1 _aАврамова, Кристалина
_eпрев. от англ.
_9255962
139 _aГрей, Зейн
_bГ 79
245 1 0 _aПод блясъка на западните звезди
_bРоман
_cЗейн Грей; прев. от англ. Кристалина Аврамова.
257 _aUSA
260 София
_bОрион
_c1996
300 _a200 с.
_c20 см
380 _aX
490 1 _aСветовна библиотека
490 1 _3Подсерия
_aПоредица Избрани приключенски романи
500 _aБез сведение за ориг. загл. - 2 000 тир.
653 _aромани
852 _aЦб 188025
856 4 _qpdf
_u
856 4 _qpdf
_u
942 _cKNG
_n0
944 _aCR
_c15.01.2003
_lф /
_kЛюдмила_Стоянова
944 _aED
_c19.10.2009
_lф /
_k
999 _c10896
_d10896